[Event "SC Steinfurt 1 - SK Metelen 1"]
[Site "Regionalliga Münsterland 2019"]
[Date "2019.09.28"]
[Round "2.1"]
[White "Koch, Alexander"]
[Black "Rieke, Theo"]
[Result "1/2-1/2"]
[WhiteElo "2027"]
[BlackElo "1977"]
[PlyCount "68"]
[EventDate "2019.??.??"]
[SourceDate "2019.09.14"]

1. e4 e5 2. Nf3 Nc6 3. Bc4 Bc5 4. d3 Nf6 5. Nc3 d6 6. h3 h6 7. Be3 Bb6 8. Qd2
Be6 9. Bb3 Qd7 10. O-O-O O-O-O 11. Bxb6 axb6 12. d4 Bxb3 13. axb3 Rhe8 14. d5
Ne7 15. Qe2 Kb8 16. Qc4 b5 17. Nxb5 Nxe4 18. Nxc7 Nxf2 19. Nxe8 Rxe8 20. Rhf1
Nxd1 21. Rxd1 Rc8 22. Qb4 Qc7 23. c4 Qc5 24. Qxc5 Rxc5 25. Kd2 b5 26. Kc3 f5
27. Kb4 bxc4 28. bxc4 Rc7 29. b3 g5 30. Re1 Ng6 31. Ra1 Kb7 32. Kb5 Rc5+ 33.
Kb4 Rc8 34. Kb5 Rc5+ 1/2-1/2

[Event "SC Steinfurt 1 - SK Metelen 1"]
[Site "Regionalliga Münsterland 2019"]
[Date "2019.09.28"]
[Round "2.2"]
[White "Graelken, Matthias"]
[Black "Grotenhuis, Gerard"]
[Result "0-1"]
[WhiteElo "2022"]
[BlackElo "1894"]
[PlyCount "118"]
[EventDate "2019.??.??"]
[SourceDate "2019.09.14"]

1. g3 d5 2. c4 d4 3. Nf3 Nc6 4. Bg2 e5 5. d3 Nf6 6. O-O Be7 7. b4 Nxb4 8. Nxe5
O-O 9. Nd2 c5 10. a3 Na6 11. Rb1 Qc7 12. Nef3 Rb8 13. Nb3 Bd7 14. Bf4 Bd6 15.
Bg5 Ng4 16. Qc1 h6 17. Bf4 Bxf4 18. Qxf4 Qxf4 19. gxf4 Rfe8 20. h3 Nf6 21. Ne5
b6 22. e3 Ba4 23. Rfe1 Rbd8 24. Bb7 Nb8 25. Kg2 Re7 26. Bf3 Nfd7 27. Nxd7 Nxd7
28. e4 Nf8 29. e5 Ne6 30. Kg3 g5 31. fxg5 Nxg5 32. Bd5 Ne6 33. f4 Ng7 34. Be4
Bd7 35. h4 Nf5+ 36. Bxf5 Bxf5 37. Rbd1 Rde8 38. Kf2 f6 39. Rg1+ Kf7 40. Nc1
fxe5 41. fxe5 Rxe5 42. Rg3 h5 43. Rdg1 Bg4 44. Rf1 Kg6 45. Kg2 Re1 46. Kf2
Rxf1+ 47. Kxf1 Kf5 48. Kf2 Kf4 49. Rg1 Re3 50. Rh1 Rf3+ 51. Kg2 Ke3 52. Re1+
Kd2 53. Rh1 Rf6 54. Rg1 Be2 55. Nxe2 Kxe2 56. Kh3 Kxd3 57. Rg5 Rh6 58. Rg7 Kxc4
59. Rxa7 Rd6 0-1

[Event "SC Steinfurt 1 - SK Metelen 1"]
[Site "Regionalliga Münsterland 2019"]
[Date "2019.09.28"]
[Round "2.3"]
[White "Zachej, Arne"]
[Black "Arning, Marcus"]
[Result "0-1"]
[WhiteElo "1854"]
[BlackElo "1927"]
[PlyCount "106"]
[EventDate "2019.??.??"]
[SourceDate "2019.09.14"]

1. d4 d5 2. c4 e6 3. Nc3 Nf6 4. Bg5 Nbd7 5. cxd5 exd5 6. e3 c6 7. Bd3 Be7 8.
Nf3 Nf8 9. Qc2 Bg4 10. Ne5 Bh5 11. h3 Ne6 12. Bh4 Nd7 13. Bxe7 Qxe7 14. Nxd7
Qxd7 15. O-O Bg6 16. b4 O-O 17. Bf5 Nxd4 18. exd4 Bxf5 19. Qb3 Rfe8 20. b5 Re6
21. Rfe1 Rae8 22. Rxe6 Rxe6 23. bxc6 bxc6 24. Rc1 h5 25. Qd1 Rg6 26. Ne2 Bxh3
27. Nf4 Bg4 28. f3 Rf6 29. Qd2 Qd6 30. fxg4 Qxf4 31. Qxf4 Rxf4 32. Rxc6 Rxg4
33. Rc8+ Kh7 34. Ra8 Rxd4 35. Rxa7 Kg6 36. a4 Kf6 37. a5 Ra4 38. a6 Ke6 39. Kf2
g5 40. Ra8 Kd6 41. a7 Kc7 42. Rf8 Rxa7 43. Rxf7+ Kb6 44. Rf5 Ra2+ 45. Kg3 h4+
46. Kh3 Ra3+ 47. Kh2 d4 48. Rxg5 d3 49. Rd5 Kc6 50. Rd8 Kc5 51. Kh3 d2+ 52.
Kxh4 Ra4+ 53. Kg3 Rd4 0-1

[Event "SC Steinfurt 1 - SK Metelen 1"]
[Site "Regionalliga Münsterland 2019"]
[Date "2019.09.28"]
[Round "2.4"]
[White "Schulz, Joachim"]
[Black "Wigger, Frank"]
[Result "1/2-1/2"]
[WhiteElo "1896"]
[BlackElo "1820"]
[PlyCount "42"]
[EventDate "2019.??.??"]
[SourceDate "2019.09.14"]

1. Nc3 Nf6 2. e4 e5 3. g3 d5 4. exd5 Nxd5 5. Nxd5 Qxd5 6. Qf3 Qxf3 7. Nxf3 Nc6
8. a3 h6 9. d3 Bd6 10. Bd2 Bd7 11. Bg2 O-O-O 12. O-O f6 13. Bc3 Bc5 14. b4 Bd4
15. Nxd4 Nxd4 16. Bxd4 exd4 17. Rfe1 Rhe8 18. Kf1 Rxe1+ 19. Rxe1 Re8 20. Rxe8+
Bxe8 21. Ke2 b6 1/2-1/2

[Event "SC Steinfurt 1 - SK Metelen 1"]
[Site "Regionalliga Münsterland 2019"]
[Date "2019.09.28"]
[Round "2.5"]
[White "Bueckers, Bernhard"]
[Black "Janning, Rainer"]
[Result "1/2-1/2"]
[WhiteElo "1662"]
[BlackElo "1888"]
[PlyCount "62"]
[EventDate "2019.??.??"]
[SourceDate "2019.09.14"]

1. c4 e5 2. g3 g6 3. Bg2 Bg7 4. Nc3 Ne7 5. b3 O-O 6. Bb2 c6 7. e3 d5 8. cxd5
cxd5 9. d4 exd4 10. exd4 Nbc6 11. Nf3 Bg4 12. Ne2 Re8 13. O-O Qb6 14. h3 Bxf3
15. Bxf3 Nf5 16. Bxd5 Ncxd4 17. Bxd4 Nxd4 18. Nxd4 Bxd4 19. Qf3 Re7 20. Rae1
Rc7 21. Re2 Rac8 22. Bc4 Qc5 23. Rfe1 Kg7 24. Re8 Rxe8 25. Rxe8 b5 26. Bf1 Rc6
27. Re4 Rf6 28. Rf4 Rxf4 29. Qxf4 Be5 30. Qf3 a6 31. Kg2 Bd4 1/2-1/2

[Event "SC Steinfurt 1 - SK Metelen 1"]
[Site "Regionalliga Münsterland 2019"]
[Date "2019.09.28"]
[Round "2.6"]
[White "Raue, Thorsten"]
[Black "Gravenkoetter, Christian"]
[Result "1-0"]
[WhiteElo "1803"]
[BlackElo "1668"]
[PlyCount "115"]
[EventDate "2019.??.??"]
[SourceDate "2019.09.14"]

1. b4 d5 2. Bb2 Bf5 3. e3 e6 4. Nf3 Nd7 5. c4 Ngf6 6. c5 c6 7. Be2 a5 8. a3
axb4 9. axb4 Rxa1 10. Bxa1 b6 11. d4 Qa8 12. Nc3 b5 13. O-O Be7 14. Qb3 O-O 15.
Bb2 Qb7 16. Ra1 Ne4 17. Ra5 Nxc3 18. Qxc3 Bd8 19. Ra1 Bc7 20. Qa3 h6 21. Nd2 g5
22. Qa6 Rb8 23. Qxb7 Rxb7 24. Nb3 Nb8 25. Ra8 Kh7 26. Na5 Bxa5 27. bxa5 Kg6 28.
a6 Nxa6 29. Rxa6 Rc7 30. Bc3 h5 31. h3 h4 32. Kf1 Bc2 33. Ke1 f5 34. Kd2 Bb3
35. Kc1 Bc4 36. Bxc4 bxc4 37. Kb2 g4 38. Ka3 Kg5 39. f4+ gxf3 40. gxf3 f4 41.
Bd2 fxe3 42. Bxe3+ Kf5 43. Kb4 e5 44. dxe5 Kxe5 45. Bg5 Kd4 46. Bxh4 c3 47.
Bf6+ Ke3 48. Kxc3 Kxf3 49. Kd4 Rc8 50. Ke5 Ke3 51. Kd6 d4 52. Rxc6 Rf8 53. Kd7
Kd3 54. Rd6 Kc4 55. Bxd4 Kb5 56. c6 Ka6 57. c7+ Kb7 58. Rb6+ 1-0

[Event "SC Steinfurt 1 - SK Metelen 1"]
[Site "Regionalliga Münsterland 2019"]
[Date "2019.09.28"]
[Round "2.7"]
[White "Morrien, Rolf"]
[Black "Wild, Helmut"]
[Result "0-1"]
[WhiteElo "1692"]
[BlackElo "1855"]
[PlyCount "110"]
[EventDate "2019.??.??"]
[SourceDate "2019.09.14"]

1. f4 c5 2. Nf3 Nc6 3. e3 g6 4. c3 Bg7 5. d4 cxd4 6. exd4 d6 7. Bd3 e6 8. O-O
Nge7 9. Nbd2 O-O 10. Qc2 a6 11. Kh1 b5 12. a3 Bb7 13. Nb3 Rc8 14. Qe2 Na5 15.
Nxa5 Qxa5 16. Bd2 Qa4 17. Rfc1 Bd5 18. Qf2 Nc6 19. Be1 Bc4 20. Bc2 Bb3 21. Bd3
Bc4 22. Bc2 Bb3 23. Bd3 Na5 24. h3 Nc4 25. Kh2 Qa5 26. Rcb1 Qc7 27. g3 Rfe8 28.
Nd2 Nxd2 29. Bxd2 e5 30. Be3 f5 31. Re1 Re7 32. Re2 Rce8 33. Rae1 Bc4 34. Bxc4+
Qxc4 35. dxe5 dxe5 36. Bd4 e4 37. Bxg7 Kxg7 38. Rd1 Qe6 39. Qd4+ Qf6 40. Kg2
Rc8 41. Kf2 Rcc7 42. Ke3 Qxd4+ 43. Rxd4 Rcd7 44. Red2 Rxd4 45. Rxd4 Kf6 46. a4
Ke6 47. axb5 axb5 48. Rb4 Rb7 49. c4 Kd6 50. Kd4 Kc6 51. g4 Rd7+ 52. Ke5 e3 53.
cxb5+ Kc5 54. Ra4 e2 55. Ra1 Rd1 0-1

[Event "SC Steinfurt 1 - SK Metelen 1"]
[Site "Regionalliga Münsterland 2019"]
[Date "2019.09.28"]
[Round "2.8"]
[White "Haselhorst, Helmut"]
[Black "Herdering, Rajesh"]
[Result "1/2-1/2"]
[WhiteElo "2025"]
[BlackElo "1482"]
[PlyCount "34"]
[EventDate "2019.??.??"]
[SourceDate "2019.09.14"]

1. Nf3 Nc6 2. d4 d5 3. Bf4 Bf5 4. e3 e6 5. c3 Bd6 6. Bg3 Nge7 7. Bd3 Bg6 8. O-O
Nf5 9. Bxd6 Nxd6 10. Na3 Ne7 11. c4 c6 12. Qe2 Bh5 13. Qd1 Ne4 14. Be2 Qb6 15.
Qc2 Qb4 16. Rfd1 Bg6 17. Qb3 Qxb3 1/2-1/2

[Event "SK Münster 4 - SK Bocholt 1"]
[Site "Regionalliga Münsterland 2019"]
[Date "2019.09.28"]
[Round "2.1"]
[White "Fuest, Martin"]
[Black "Janssen, Dirk"]
[Result "1-0"]
[WhiteElo "2118"]
[BlackElo "1947"]
[PlyCount "99"]
[EventDate "2019.??.??"]
[SourceDate "2019.09.14"]

1. d4 e6 2. Nf3 d5 3. g3 c5 4. Bg2 Nf6 5. O-O Nc6 6. c4 Be7 7. dxc5 Bxc5 8. Qc2
Bb6 9. Rd1 O-O 10. Nc3 Qe7 11. Bg5 d4 12. Ne4 e5 13. Nxf6+ gxf6 14. Bh6 Re8 15.
e4 dxe3 16. Bxe3 Bxe3 17. fxe3 Be6 18. b3 Rad8 19. Nh4 Qc5 20. Qf2 f5 21. Bh3
Ne7 22. Rxd8 Rxd8 23. Re1 e4 24. Qf4 Rd3 25. Qg5+ Kf8 26. g4 Qb4 27. Re2 fxg4
28. Bxg4 Bxg4 29. Qxg4 Rd1+ 30. Kf2 Qd6 31. Kg2 Rd2 32. Kh3 Rxe2 33. Qxe2 Qd3
34. Qf2 Qd7+ 35. Kg3 Qd6+ 36. Qf4 Qe6 37. Kf2 Ng6 38. Nxg6+ hxg6 39. Qb8+ Kg7
40. Qf4 Kg8 41. Kg3 Kg7 42. h4 Kh7 43. c5 Kg7 44. Qg5 f6 45. Qf4 Qd5 46. b4 a5
47. Qc7+ Qf7 48. Qxf7+ Kxf7 49. bxa5 Ke6 50. c6 1-0

[Event "SK Münster 4 - SK Bocholt 1"]
[Site "Regionalliga Münsterland 2019"]
[Date "2019.09.28"]
[Round "2.2"]
[White "Spillmann, Peter"]
[Black "Liesmann, Karsten"]
[Result "1/2-1/2"]
[WhiteElo "1886"]
[BlackElo "1996"]
[PlyCount "21"]
[EventDate "2019.??.??"]
[SourceDate "2019.09.14"]

1. f4 e5 2. fxe5 d6 3. exd6 Bxd6 4. Nf3 g5 5. d3 g4 6. Nd4 Qh4+ 7. g3 Bxg3+ 8.
hxg3 Qxh1 9. Bf4 Ne7 10. Qd2 Qd5 11. e3 1/2-1/2

[Event "SK Münster 4 - SK Bocholt 1"]
[Site "Regionalliga Münsterland 2019"]
[Date "2019.09.28"]
[Round "2.3"]
[White "Hunhoff, Sebastian"]
[Black "Vogenauer, Nikolas"]
[Result "1/2-1/2"]
[WhiteElo "1918"]
[BlackElo "1881"]
[PlyCount "34"]
[EventDate "2019.??.??"]
[SourceDate "2019.09.14"]

1. c4 c5 2. Nc3 Nc6 3. g3 g6 4. Bg2 Bg7 5. e4 e5 6. Nge2 Nge7 7. O-O O-O 8. d3
d6 9. h3 a6 10. Be3 h6 11. Qd2 Kh7 12. Nd5 Nxd5 13. cxd5 Nd4 14. f4 Nxe2+ 15.
Qxe2 f5 16. Qd2 exf4 17. gxf4 Qf6 1/2-1/2

[Event "SK Münster 4 - SK Bocholt 1"]
[Site "Regionalliga Münsterland 2019"]
[Date "2019.09.28"]
[Round "2.4"]
[White "Voss, Andreas"]
[Black "Naumann, Felix"]
[Result "1/2-1/2"]
[WhiteElo "1881"]
[BlackElo "1886"]
[PlyCount "135"]
[EventDate "2019.??.??"]
[SourceDate "2019.09.14"]

1. d4 Nf6 2. Bg5 e6 3. e4 Be7 4. e5 Nd5 5. Bxe7 Nxe7 6. Qg4 O-O 7. Bd3 d5 8.
Nf3 f5 9. Qf4 b6 10. Nc3 Ba6 11. Ng5 Ng6 12. Qd2 Qe7 13. Bxa6 Nxa6 14. h4 Rfc8
15. Nb5 h6 16. Nf3 Qb4 17. Qxb4 Nxb4 18. Kd2 a6 19. a3 Nxc2 20. Kxc2 axb5 21.
h5 Ne7 22. Rhc1 c5 23. Kd2 c4 24. Ne1 Ra4 25. Nc2 g6 26. hxg6 Kg7 27. Rh1 Nc6
28. Kc3 Rca8 29. Rab1 Kxg6 30. Rh3 Rh8 31. Rg3+ Kf7 32. Rh1 Raa8 33. Rgh3 Rag8
34. g3 f4 35. gxf4 Rg4 36. Rh4 Rxh4 37. Rxh4 h5 38. Ne3 Kg6 39. Rh1 Rf8 40.
Rg1+ Kh6 41. f5 exf5 42. f4 b4+ 43. axb4 Ne7 44. b5 Ra8 45. Rg5 Rf8 46. b3 cxb3
47. Kxb3 Rf7 48. Kc3 h4 49. Kd3 Rg7 50. Rxg7 Kxg7 51. Ke2 Kf7 52. Nd1 h3 53.
Nf2 h2 54. Kf3 Nc8 55. Kg2 Na7 56. Nd1 Nxb5 57. Ne3 Ke6 58. Nc2 Nc3 59. Kxh2
Ne2 60. Kg2 Nxf4+ 61. Kf3 Nd3 62. Na3 Nxe5+ 63. Kf4 Nd3+ 64. Ke3 Nb4 65. Nb5
Kd7 66. Kf4 Kc6 67. Na7+ Kb7 68. Nb5 1/2-1/2

[Event "SK Münster 4 - SK Bocholt 1"]
[Site "Regionalliga Münsterland 2019"]
[Date "2019.09.28"]
[Round "2.5"]
[White "Kuhlenbaeumer, Willi"]
[Black "Peters, Helmut"]
[Result "1/2-1/2"]
[WhiteElo "1907"]
[BlackElo "1942"]
[PlyCount "33"]
[EventDate "2019.??.??"]
[SourceDate "2019.09.14"]

1. e4 c5 2. d4 cxd4 3. c3 d5 4. exd5 Qxd5 5. Qxd4 Qxd4 6. cxd4 Nc6 7. Bb5 Bd7
8. Ne2 Nf6 9. Nbc3 e6 10. O-O Nb4 11. Bg5 Be7 12. Bxd7+ Kxd7 13. Rfd1 Rhd8 14.
Rac1 Rac8 15. Bxf6 Bxf6 16. a3 Nd5 17. Nxd5 1/2-1/2

[Event "SK Münster 4 - SK Bocholt 1"]
[Site "Regionalliga Münsterland 2019"]
[Date "2019.09.28"]
[Round "2.6"]
[White "Leder, Nils"]
[Black "Hunhoff, Andreas"]
[Result "1/2-1/2"]
[WhiteElo "1861"]
[BlackElo "1798"]
[PlyCount "98"]
[EventDate "2019.??.??"]
[SourceDate "2019.09.14"]

1. c4 f5 2. g3 Nf6 3. Nc3 e6 4. Bg2 Be7 5. Nf3 O-O 6. O-O d6 7. d4 c6 8. Qc2 d5
9. b3 Bd7 10. Bb2 Be8 11. Ne5 Nbd7 12. Nd3 Bd6 13. Bc1 Bg6 14. Bf4 Bxf4 15.
Nxf4 Qe8 16. a4 Ne4 17. f3 Nef6 18. e4 fxe4 19. fxe4 e5 20. Nxg6 Qxg6 21. dxe5
Nxe5 22. cxd5 cxd5 23. Qd2 Nfg4 24. Nxd5 Qd6 25. Qb4 Qxb4 26. Nxb4 Ne3 27.
Rxf8+ Rxf8 28. Rc1 h6 29. Nd5 Nf3+ 30. Bxf3 Rxf3 31. b4 b6 32. Nxe3 Rxe3 33.
Rc4 a6 34. Rc6 a5 35. bxa5 bxa5 36. Rc5 Rxe4 37. Rxa5 Re2 38. Ra7 Kh7 39. a5
Ra2 40. a6 Kg6 41. Kf1 Rxh2 42. Rb7 Ra2 43. a7 Kf6 44. Ke1 g6 45. Kd1 Kg5 46.
Kc1 Kg4 47. Kb1 Ra6 48. Kc2 Kxg3 49. Rb6 Rxa7 1/2-1/2

[Event "SK Münster 4 - SK Bocholt 1"]
[Site "Regionalliga Münsterland 2019"]
[Date "2019.09.28"]
[Round "2.7"]
[White "Boeing, Frank"]
[Black "Schulz, Stefan"]
[Result "1/2-1/2"]
[WhiteElo "1802"]
[BlackElo "1860"]
[PlyCount "29"]
[EventDate "2019.??.??"]
[SourceDate "2019.09.14"]

1. d4 c6 2. Nf3 d5 3. Bg5 Qb6 4. b3 h6 5. Bh4 Bf5 6. e3 e6 7. Be2 Nd7 8. O-O
Be7 9. Bg3 Ngf6 10. Nbd2 Ne4 11. Nxe4 Bxe4 12. c4 c5 13. cxd5 exd5 14. Rc1 O-O
15. Ne5 1/2-1/2

[Event "SK Münster 4 - SK Bocholt 1"]
[Site "Regionalliga Münsterland 2019"]
[Date "2019.09.28"]
[Round "2.8"]
[White "Voss, Norbert"]
[Black "Tepasse, Wilhelm"]
[Result "1-0"]
[WhiteElo "1852"]
[BlackElo "1747"]
[PlyCount "97"]
[EventDate "2019.??.??"]
[SourceDate "2019.09.14"]

1. c4 Nf6 2. g3 c6 3. Bg2 d5 4. Nf3 g6 5. b3 Bg7 6. Bb2 O-O 7. O-O Bf5 8. d3
Re8 9. Qd2 Bg4 10. Ne5 Nbd7 11. Nxg4 Nxg4 12. Bxg7 Kxg7 13. cxd5 cxd5 14. Bxd5
Rb8 15. Qb2+ Kg8 16. Nd2 Qa5 17. Bg2 Ngf6 18. Rac1 e6 19. Rfd1 b5 20. b4 Qa4
21. Qb3 Qxb3 22. Nxb3 Nd5 23. Bxd5 exd5 24. Kf1 Rec8 25. Rxc8+ Rxc8 26. Rc1
Rxc1+ 27. Nxc1 Kf8 28. Nb3 Ke7 29. Nd4 a6 30. Ke1 Kd6 31. Kd2 f5 32. f4 Ke7 33.
Nf3 Kd6 34. Kc3 Nb8 35. Ng5 h5 36. Nf3 Nc6 37. a3 Ne7 38. Ne5 Kc7 39. Kd4 Kb6
40. Nf3 a5 41. bxa5+ Kxa5 42. Kc5 Ka4 43. Nd4 Kxa3 44. Nxb5+ Kb3 45. Kd6 Ng8
46. Kxd5 Nf6+ 47. Ke6 Ng4 48. Nd4+ Kc3 49. Nf3 1-0

[Event "SK Dülmen 1 - SG Turm Raesfeld/Erle 2"]
[Site "Regionalliga Münsterland 2019"]
[Date "2019.09.28"]
[Round "2.1"]
[White "Pliete, Christian"]
[Black "Grund, Wolfgang"]
[Result "0-1"]
[WhiteElo "1835"]
[BlackElo "1889"]
[PlyCount "92"]
[EventDate "2019.??.??"]
[SourceDate "2019.09.14"]

1. e4 c5 2. Nf3 Nf6 3. d4 cxd4 4. Nxd4 e5 5. Nf3 d6 6. Bc4 Be7 7. O-O Bg4 8. c3
Nc6 9. Qd3 O-O 10. Nbd2 Qd7 11. Re1 Rad8 12. Bb3 h6 13. Nf1 Be6 14. Ng3 Qc7 15.
Bd5 Bxd5 16. exd5 Nb8 17. Nf5 Rfe8 18. Nxe7+ Qxe7 19. Nd2 Nbd7 20. Ne4 Nxe4 21.
Qxe4 Rf8 22. b3 f5 23. Qe2 f4 24. Ba3 Rf6 25. Qh5 Rdf8 26. f3 Rf5 27. Qh3 R8f6
28. Qh4 Rg5 29. Re2 Rfg6 30. Kh1 Nf6 31. c4 Rf5 32. Rd1 b6 33. Bb4 Rgg5 34. a4
Nh5 35. Qf2 Ng3+ 36. hxg3 fxg3 37. Qe3 Rh5+ 38. Kg1 e4 39. Qxe4 Re5 40. Qg4
Rxe2 41. Qxh5 Qe3+ 42. Kh1 Qxb3 43. Rg1 Qxb4 44. Qg4 Re5 45. Rf1 Qc5 46. Qh4
Qf2 0-1

[Event "SK Dülmen 1 - SG Turm Raesfeld/Erle 2"]
[Site "Regionalliga Münsterland 2019"]
[Date "2019.09.28"]
[Round "2.2"]
[White "Nolting, Bodo"]
[Black "Kadenbach, Wolfgang"]
[Result "1/2-1/2"]
[WhiteElo "1726"]
[BlackElo "1775"]
[PlyCount "23"]
[EventDate "2019.??.??"]
[SourceDate "2019.09.14"]

1. d4 Nf6 2. Nf3 g6 3. Bg5 Bg7 4. Nbd2 O-O 5. e3 d5 6. Bd3 Nc6 7. c3 Re8 8. h3
e5 9. dxe5 Nxe5 10. Nxe5 Rxe5 11. Nf3 Re8 12. O-O 1/2-1/2

[Event "SK Dülmen 1 - SG Turm Raesfeld/Erle 2"]
[Site "Regionalliga Münsterland 2019"]
[Date "2019.09.28"]
[Round "2.3"]
[White "Fasselt, Hendrik"]
[Black "Loedding, Detlef"]
[Result "1/2-1/2"]
[WhiteElo "1836"]
[BlackElo "1890"]
[PlyCount "41"]
[EventDate "2019.??.??"]
[SourceDate "2019.09.14"]

1. b3 c5 2. Bb2 Nc6 3. e3 Nf6 4. Nf3 e6 5. Be2 Be7 6. O-O O-O 7. c4 d5 8. d4
dxc4 9. Bxc4 a6 10. Nbd2 b5 11. Be2 Bb7 12. dxc5 Bxc5 13. Qc2 Be7 14. Rac1 Rc8
15. Qb1 h6 16. Rfd1 Qa5 17. Qa1 Rfd8 18. a3 Qb6 19. Nd4 Nxd4 20. Bxd4 Qd6 21.
Rxc8 1/2-1/2

[Event "SK Dülmen 1 - SG Turm Raesfeld/Erle 2"]
[Site "Regionalliga Münsterland 2019"]
[Date "2019.09.28"]
[Round "2.4"]
[White "Rebber, Christian"]
[Black "Broemmel, Chris"]
[Result "0-1"]
[WhiteElo "1833"]
[BlackElo "1808"]
[PlyCount "44"]
[EventDate "2019.??.??"]
[SourceDate "2019.09.14"]

1. e4 c5 2. Nc3 g6 3. f4 Bg7 4. Nf3 d6 5. Bc4 Nf6 6. O-O O-O 7. d3 a6 8. a4 Nc6
9. Qe1 Nb4 10. Bb3 Bd7 11. Qh4 b5 12. axb5 axb5 13. Rxa8 Qxa8 14. e5 dxe5 15.
fxe5 Nfd5 16. Bh6 f6 17. Ne4 Qc6 18. Kh1 c4 19. dxc4 bxc4 20. Bxc4 Bxh6 21.
Qxh6 Qxc4 22. Ned2 Qf4 0-1

[Event "SK Dülmen 1 - SG Turm Raesfeld/Erle 2"]
[Site "Regionalliga Münsterland 2019"]
[Date "2019.09.28"]
[Round "2.5"]
[White "Boelker, Franz"]
[Black "Gehlen, Horst"]
[Result "0-1"]
[WhiteElo "1762"]
[BlackElo "1737"]
[PlyCount "108"]
[EventDate "2019.??.??"]
[SourceDate "2019.09.14"]

1. d4 d5 2. c4 e6 3. Nc3 Nf6 4. Bg5 Nbd7 5. Nf3 Be7 6. e3 O-O 7. Rc1 c6 8. a3
Qa5 9. cxd5 exd5 10. Bd3 Re8 11. O-O Bd6 12. Qc2 h6 13. Bh4 Qd8 14. Rfe1 Be7
15. Bg3 b6 16. Nb5 Bb7 17. Nc7 Rf8 18. Nxa8 Bxa8 19. b4 Nh5 20. Be5 f6 21. Bh7+
Kh8 22. Nh4 fxe5 23. Ng6+ Kxh7 24. Nxf8+ Kg8 25. Ne6 Qc8 26. Qg6 Ndf6 27. dxe5
Qxe6 28. exf6 Nxf6 29. Qd3 Bb7 30. f3 Bd6 31. Rcd1 Qe5 32. g3 c5 33. bxc5 Bxc5
34. Kg2 Qh5 35. h3 d4 36. exd4 Bxd4 37. g4 Qd5 38. Rf1 Bc5 39. Qg6 Qf7 40. Rd8+
Bf8 41. Qd3 Nd5 42. Qf5 Qxf5 43. gxf5 Ne3+ 44. Kf2 Nxf1 45. Kxf1 Bxf3 46. Kf2
Be4 47. f6 gxf6 48. Ke3 f5 49. Kf4 a5 50. Ke5 Kf7 51. Rb8 Bc5 52. a4 Bc2 53. h4
Bf2 54. h5 Bg3+ 0-1

[Event "SK Dülmen 1 - SG Turm Raesfeld/Erle 2"]
[Site "Regionalliga Münsterland 2019"]
[Date "2019.09.28"]
[Round "2.6"]
[White "Hussein, Zaman"]
[Black "Suer, Julian"]
[Result "0-1"]
[WhiteElo "1664"]
[BlackElo "1779"]
[PlyCount "118"]
[EventDate "2019.??.??"]
[SourceDate "2019.09.14"]

1. e4 d5 2. exd5 Qxd5 3. Nc3 Qa5 4. d4 Nf6 5. Bd3 c6 6. Nge2 Bg4 7. O-O e6 8.
Bf4 Nbd7 9. a3 Be7 10. f3 Bh5 11. b4 Qd8 12. Ne4 Nd5 13. Bd2 O-O 14. Nf4 Nxf4
15. Bxf4 Nf6 16. Nxf6+ Bxf6 17. Be5 Bxe5 18. dxe5 Qd4+ 19. Kh1 Qxe5 20. Qd2 Bg6
21. Bxg6 hxg6 22. Rad1 Qd5 23. Qc3 Qb5 24. Rf2 Rad8 25. Rfd2 Rd5 26. Rxd5 cxd5
27. Qc7 Qc6 28. Qxc6 bxc6 29. Kg1 f6 30. Kf2 Kf7 31. c4 Ke7 32. Ke3 Kd6 33. c5+
Kc7 34. h4 a5 35. Kd4 axb4 36. axb4 Ra8 37. Rh1 Ra2 38. g4 Ra3 39. f4 Rf3 40.
g5 Rxf4+ 41. Kc3 Rg4 42. Rf1 f5 43. Re1 Re4 44. Rh1 e5 45. h5 gxh5 46. Rxh5 Rg4
47. g6 Rxg6 48. Rxf5 Rg3+ 49. Kc2 e4 50. Rf7+ Kb8 51. Re7 g5 52. Rg7 g4 53. Kd2
Rb3 54. Rg8+ Kb7 55. Rg7+ Ka6 56. Rc7 Rxb4 57. Rxc6+ Kb5 58. Rg6 Kxc5 59. Rxg4
e3+ 0-1

[Event "SK Dülmen 1 - SG Turm Raesfeld/Erle 2"]
[Site "Regionalliga Münsterland 2019"]
[Date "2019.09.28"]
[Round "2.7"]
[White "Droste, Laurenz"]
[Black "Stein, Michael"]
[Result "1/2-1/2"]
[WhiteElo "1604"]
[BlackElo "1688"]
[PlyCount "22"]
[EventDate "2019.??.??"]
[SourceDate "2019.09.14"]

1. f4 d5 2. e3 Nf6 3. b3 c6 4. Bb2 Bg4 5. Be2 Bxe2 6. Nxe2 Nbd7 7. Nbc3 Qc7 8.
Nd4 e5 9. fxe5 Nxe5 10. Nf3 Bd6 11. Qe2 O-O-O 1/2-1/2

[Event "SK Dülmen 1 - SG Turm Raesfeld/Erle 2"]
[Site "Regionalliga Münsterland 2019"]
[Date "2019.09.28"]
[Round "2.8"]
[White "Hoffmann, Klaus Peter"]
[Black "Beckmann, Felix"]
[Result "0-1"]
[WhiteElo "1522"]
[BlackElo "1527"]
[PlyCount "32"]
[EventDate "2019.??.??"]
[SourceDate "2019.09.14"]

1. c4 e5 2. Nc3 Nc6 3. a3 f5 4. e4 Nf6 5. d3 Bc5 6. Bg5 O-O 7. exf5 d6 8. Nd5
Bxf5 9. Nxf6+ gxf6 10. Bh6 Re8 11. Qf3 Bg6 12. O-O-O Nd4 13. Qg4 c6 14. h4 Qa5
15. Bd2 Qa4 16. Bc3 Qc2# 0-1

[Event "SC Gronau 1 - SG Ahaus-Wessum 1"]
[Site "Regionalliga Münsterland 2019"]
[Date "2019.09.28"]
[Round "2.1"]
[White "Wensing, Maximilian"]
[Black "Monsma, Menno"]
[Result "1-0"]
[WhiteElo "2135"]
[BlackElo "2062"]
[PlyCount "115"]
[EventDate "2019.??.??"]
[SourceDate "2019.09.14"]

1. c4 c6 2. g3 d5 3. Nf3 Nf6 4. Bg2 e6 5. O-O Be7 6. b3 O-O 7. Bb2 Nbd7 8. d3
Re8 9. Qc2 Bd6 10. cxd5 exd5 11. Re1 Ne5 12. Nxe5 Bxe5 13. Bxe5 Rxe5 14. d4 Bf5
15. Qb2 Re7 16. Nd2 Qc8 17. b4 Bh3 18. b5 Bxg2 19. Kxg2 cxb5 20. Qxb5 Qc2 21.
Nf3 a6 22. Qb3 Qxb3 23. axb3 Rc8 24. Ne5 Rc2 25. Rac1 Rec7 26. Rxc2 Rxc2 27.
Nd3 a5 28. f3 Kf8 29. Kf2 b6 30. Ra1 Rc7 31. Ke3 Ke7 32. Kd2 Kd6 33. Nb2 Nd7
34. e4 f6 35. Na4 dxe4 36. fxe4 Ke6 37. Nc3 Rc8 38. Nd5 Kd6 39. Ne3 g6 40. Nc4+
Ke7 41. Kd3 Rc7 42. g4 h6 43. h4 Rc8 44. Ne3 Rd8 45. Nd5+ Ke6 46. Rf1 b5 47.
Ra1 f5 48. Rxa5 fxe4+ 49. Kxe4 Nf6+ 50. Nxf6 Kxf6 51. Rxb5 Re8+ 52. Kd3 Re1 53.
g5+ hxg5 54. hxg5+ Kg7 55. Re5 Rc1 56. b4 Rb1 57. Kc4 Rc1+ 58. Kb5 1-0

[Event "SC Gronau 1 - SG Ahaus-Wessum 1"]
[Site "Regionalliga Münsterland 2019"]
[Date "2019.09.28"]
[Round "2.2"]
[White "Ellenbroek, Ton"]
[Black "Schulze Ameling, Hendrik"]
[Result "0-1"]
[WhiteElo "1986"]
[BlackElo "1991"]
[PlyCount "116"]
[EventDate "2019.??.??"]
[SourceDate "2019.09.14"]

1. e4 e6 2. d4 d5 3. Nc3 Nf6 4. Bg5 dxe4 5. Nxe4 Be7 6. Bxf6 gxf6 7. Nc3 a6 8.
g3 c6 9. Bg2 b5 10. Qd2 Bb7 11. O-O-O Qa5 12. Kb1 Nd7 13. Nh3 O-O-O 14. Nf4 b4
15. Nce2 Nb6 16. Qd3 Kb8 17. Qb3 Qb5 18. Nc1 a5 19. Qd3 Qxd3 20. Rxd3 Kc7 21.
Re1 Ba6 22. Rdd1 Bd6 23. Ncd3 Nc4 24. Nc5 Bxc5 25. dxc5 Ne5 26. Be4 Nd7 27. Bd3
Nxc5 28. Bxa6 Nxa6 29. Nd3 Rd6 30. Re4 c5 31. b3 Kc6 32. Rde1 Nc7 33. Rc4 Rd5
34. Rh4 Nb5 35. Rh6 Nc3+ 36. Kb2 Rf5 37. f4 a4 38. a3 Kb5 39. bxa4+ Nxa4+ 40.
Ka1 Ra8 41. Rxh7 Nc3 42. Rxf7 Rxa3+ 43. Kb2 Ra2+ 44. Kc1 Rh5 45. h4 e5 46. fxe5
fxe5 47. Rxe5 Ra1+ 48. Kd2 Rd1+ 49. Ke3 Rxd3+ 50. Kxd3 Rxe5 51. Rb7+ Kc6 52.
Rg7 Nd5 53. Rg6+ Kb5 54. Rg8 Nb6 55. g4 c4+ 56. Kd4 Rd5+ 57. Ke4 b3 58. cxb3 c3
0-1